Construction skills go green (Record no. 69210)

MARC details
000 -LEADER
fixed length control field 00989cam a2200205 4500
001 - CONTROL NUMBER
control field WB3801-05
008 - FIXED-LENGTH DATA ELEMENTS--GENERAL INFORMATION
fixed length control field 020108n2002 000 0 eng u
035 ## - SYSTEM CONTROL NUMBER
System control number (Sirsi) u116183
245 ## - TITLE STATEMENT
Title Construction skills go green
260 ## - PUBLICATION, DISTRIBUTION, ETC.
Date of publication, distribution, etc. 2002
490 ## - SERIES STATEMENT
Series statement Building Trade and Industry
Volume/sequential designation 18(1) January 2002, 2(1)
520 ## - SUMMARY, ETC.
Summary, etc. The Construction Skills Certification Scheme (CSCS), administered by the Construction Industry Training Board, has launched the green construction site operatives CSCS card. The card has been welcomed by contractors and unions as a further step towards ensuring a fully safety conscious construction industry. Site workers can obtain the card via the industry accreditation route or by passing an N/SVQ at level 1.
590 ## - LOCAL NOTE (RLIN)
Local note WB
650 ## - SUBJECT ADDED ENTRY--TOPICAL TERM
Topical term or geographic name entry element HEALTH AND SAFETY
9 (RLIN) 6244
650 ## - SUBJECT ADDED ENTRY--TOPICAL TERM
Topical term or geographic name entry element CONSTRUCTION SKILLS CERTIFICATION SCHEME
650 ## - SUBJECT ADDED ENTRY--TOPICAL TERM
Topical term or geographic name entry element CONSTRUCTION WORKERS
650 ## - SUBJECT ADDED ENTRY--TOPICAL TERM
Topical term or geographic name entry element CONSTRUCTION INDUSTRY TRAINING BOARD
690 ## - LOCAL SUBJECT ADDED ENTRY--TOPICAL TERM (OCLC, RLIN)
Topical term or geographic name as entry element BUILT ENVIRONMENT
942 ## - ADDED ENTRY ELEMENTS (KOHA)
Suppress in OPAC 0
Holdings
Withdrawn status Lost status Source of classification or shelving scheme Damaged status Not for loan Home library Current library Shelving location Date acquired Total Checkouts Full call number Barcode Date last seen Copy number Price effective from Koha item type
    Dewey Decimal Classification     London London News article 08/01/2002   WB3801-05 116183-1001 06/08/2019 1 06/08/2019 News article